[Event "OP-2011-0-01733"]
[Site "LSS email"]
[Date "2011.08.21"]
[Round "?"]
[White "Dewulf, Bjorn"]
[Black "Stevenson, Walter"]
[Result "0-1"]
[WhiteElo "490"]
[BlackElo "717"]
[PlyCount "22"]
[EventDate "2011.08.18"]
[EventType "tourn (corr)"]
[EventRounds "4"]
[EventCountry "GER"]
[SourceTitle "Corr 2015"]
[Source "ChessBase"]
[SourceDate "2015.07.17"]
[SourceVersion "1"]
[SourceVersionDate "2015.07.17"]
[SourceQuality "1"]

1. e4 c5 2. c4 d6 3. Nf3 Nc6 4. Nc3 Nf6 5. Be2 e6 6. 0-0 Be7 7. h3 0-0 8. a3 Bd7 9. d3 h6 10. Bd2 Nd4 11. Be3 Nxf3+ 0-1

[Event "OP-2011-0-01604"]
[Site "LSS email"]
[Date "2011.06.19"]
[Round "?"]
[White "Kudr, Roman"]
[Black "Dewulf, Bjorn"]
[Result "1-0"]
[WhiteElo "1878"]
[BlackElo "415"]
[PlyCount "41"]
[EventDate "2011.06.17"]
[EventType "tourn (corr)"]
[EventRounds "4"]
[EventCountry "GER"]
[SourceTitle "Telechess CBM 151"]
[Source "ChessBase"]
[SourceDate "2012.11.13"]
[SourceVersion "1"]
[SourceVersionDate "2012.11.13"]
[SourceQuality "1"]

1. e4 d5 2. exd5 Qxd5 3. Nc3 Qa5 4. d4 c6 5. Nf3 Nf6 6. Bc4 Nbd7 7. 0-0 e6 8. Qe2 Bb4 9. Bd2 0-0 10. a3 Bxc3 11. Bxc3 Qc7 12. a4 a5 13. Bd2 h6 14. Ne5 Qd8 15. Ra3 Qe7 16. Rg3 Qd6 17. Bxh6 g6 18. Nxg6 fxg6 19. Qd3 b5 20. Qxg6+ Kh8 21. Qg7# 1-0

[Event "OP-2011-0-01558"]
[Site "LSS email"]
[Date "2011.05.28"]
[Round "?"]
[White "Brumec, Fredi"]
[Black "Dewulf, Bjorn"]
[Result "1-0"]
[WhiteElo "1018"]
[BlackElo "478"]
[PlyCount "39"]
[EventDate "2011.05.25"]
[EventType "tourn (corr)"]
[EventRounds "4"]
[EventCountry "GER"]
[SourceTitle "Telechess CBM 145"]
[Source "Chessbase"]
[SourceDate "2011.11.11"]
[SourceVersion "1"]
[SourceVersionDate "2011.11.11"]
[SourceQuality "1"]

1. e4 e6 2. Nc3 d6 3. Nf3 Nd7 4. a3 Be7 5. Bc4 Ngf6 6. d3 0-0 7. h3 Nc5 8. 0-0 Bd7 9. Nh2 h6 10. f4 c6 11. Be3 g5 12. fxg5 hxg5 13. Bxg5 a6 14. Bxf6 Bxf6 15. Qg4+ Bg7 16. e5 d5 17. Ba2 b5 18. Rf3 a5 19. Rg3 Kh8 20. Qxg7# 1-0

[Event "OP-2011-0-01558"]
[Site "LSS email"]
[Date "2011.05.28"]
[Round "?"]
[White "Dewulf, Bjorn"]
[Black "Venturas, Bob"]
[Result "0-1"]
[WhiteElo "478"]
[BlackElo "646"]
[PlyCount "56"]
[EventDate "2011.05.25"]
[EventType "tourn (corr)"]
[EventRounds "4"]
[EventCountry "GER"]
[SourceTitle "Telechess CBM 145"]
[Source "Chessbase"]
[SourceDate "2011.11.11"]
[SourceVersion "1"]
[SourceVersionDate "2011.11.11"]
[SourceQuality "1"]

1. d4 d5 2. c4 Nc6 3. e3 Bf5 4. Nc3 Nf6 5. c5 e5 6. Bb5 e4 7. Nge2 Qd7 8. 0-0 b6 9. h3 a6 10. Bxc6 Qxc6 11. f4 exf3 12. gxf3 bxc5 13. Bd2 c4 14. f4 Bxh3 15. Kh2 Bxf1 16. Qxf1 Ng4+ 17. Kg3 Qg6 18. Kf3 Nh2+ 19. Kf2 Nxf1 20. Rxf1 Be7 21. Ke1 Rb8 22. Rg1 Qc2 23. b3 cxb3 24. Kf1 Qxd2 25. Ng3 b2 26. Nge2 Qxe3 27. a4 Bh4 28. Rxg7 Qf2# 0-1

[Event "OP-2011-0-01558"]
[Site "LSS email"]
[Date "2011.05.28"]
[Round "?"]
[White "Dewulf, Bjorn"]
[Black "Zimmermann, Jan Erik"]
[Result "0-1"]
[WhiteElo "478"]
[BlackElo "883"]
[PlyCount "34"]
[EventDate "2011.05.25"]
[EventType "tourn (corr)"]
[EventRounds "4"]
[EventCountry "GER"]
[SourceTitle "Corr 2015"]
[Source "ChessBase"]
[SourceDate "2015.07.17"]
[SourceVersion "1"]
[SourceVersionDate "2015.07.17"]
[SourceQuality "1"]

1. d4 d5 2. Nf3 Bg4 3. Nc3 c6 4. e3 Nf6 5. Be2 e6 6. 0-0 Bd6 7. h3 Bh5 8. g4 Bg6 9. g5 Ne4 10. Bd2 Nxd2 11. Nxd2 Qxg5+ 12. Bg4 h5 13. f4 Qh4 14. Nf3 Qg3+ 15. Kh1 hxg4 16. h4 Be4 17. a3 Rxh4# 0-1

[Event "BI-2011-P-00033"]
[Site "LSS email"]
[Date "2011.04.17"]
[Round "?"]
[White "Dewulf, Bjorn"]
[Black "Bujdak, Pavol"]
[Result "0-1"]
[WhiteElo "490"]
[BlackElo "1745"]
[PlyCount "40"]
[EventDate "2011.04.20"]
[EventType "tourn (corr)"]
[EventRounds "10"]
[EventCountry "GER"]
[SourceTitle "Telechess CBM 157"]
[Source "ChessBase"]
[SourceDate "2013.11.12"]
[SourceVersion "1"]
[SourceVersionDate "2013.11.12"]
[SourceQuality "1"]

1. d4 Nf6 2. c4 c5 3. e3 cxd4 4. exd4 e6 5. Nf3 Bb4+ 6. Bd2 Bxd2+ 7. Nbxd2 0-0 8. Be2 Nc6 9. 0-0 b6 10. h3 Bb7 11. b3 Nh5 12. g4 Nf4 13. Ne4 Nxd4 14. Bd3 f5 15. gxf5 Nxh3+ 16. Kh2 Rxf5 17. Nc5 Qc7+ 18. Kxh3 Nxf3 19. Kg4 Qf4+ 20. Kh3 Ng5# 0-1

[Event "BI-2011-P-00033"]
[Site "LSS email"]
[Date "2011.04.17"]
[Round "?"]
[White "Dewulf, Bjorn"]
[Black "Caldwell, Justin"]
[Result "0-1"]
[WhiteElo "490"]
[BlackElo "2144"]
[PlyCount "54"]
[EventDate "2011.04.20"]
[EventType "tourn (corr)"]
[EventRounds "10"]
[EventCountry "GER"]
[SourceTitle "Telechess CBM 157"]
[Source "ChessBase"]
[SourceDate "2013.11.12"]
[SourceVersion "1"]
[SourceVersionDate "2013.11.12"]
[SourceQuality "1"]

1. e4 c5 2. Nf3 Nc6 3. Nc3 Nf6 4. Bb5 Qc7 5. 0-0 Nd4 6. Nxd4 cxd4 7. Ne2 a6 8. Bd3 e5 9. h3 d5 10. Ng3 h5 11. f3 h4 12. Ne2 Be6 13. a3 0-0-0 14. b3 dxe4 15. fxe4 Qc6 16. Bb2 Nxe4 17. Bxe4 Qxe4 18. Rc1 g5 19. c3 d3 20. c4 dxe2 21. Qxe2 Qxe2 22. Rce1 Qxd2 23. Rxe5 Qxb2 24. Re3 Rd2 25. b4 Rxg2+ 26. Kh1 Rh2+ 27. Kg1 Qg2# 0-1

[Event "BI-2011-P-00033"]
[Site "LSS email"]
[Date "2011.04.17"]
[Round "?"]
[White "Dewulf, Bjorn"]
[Black "Russell, Ian"]
[Result "0-1"]
[WhiteElo "490"]
[BlackElo "1908"]
[PlyCount "50"]
[EventDate "2011.04.20"]
[EventType "tourn (corr)"]
[EventRounds "10"]
[EventCountry "GER"]
[SourceTitle "Telechess CBM 157"]
[Source "ChessBase"]
[SourceDate "2013.11.12"]
[SourceVersion "1"]
[SourceVersionDate "2013.11.12"]
[SourceQuality "1"]

1. d4 Nc6 2. Nf3 d6 3. Nc3 Bg4 4. h3 Bxf3 5. exf3 d5 6. Bb5 e6 7. Bxc6+ bxc6 8. 0-0 c5 9. dxc5 Bxc5 10. Nb5 Ne7 11. Nc3 0-0 12. Nb5 Rb8 13. Nc3 h6 14. Bd2 Rxb2 15. Na4 Rb5 16. g4 Bd6 17. Nc3 Rb8 18. Rb1 Rxb1 19. Nxb1 Ng6 20. Nc3 Qh4 21. Kg2 Qf6 22. g5 Nh4+ 23. Kh1 Qf5 24. Nb5 Qxh3+ 25. Kg1 Qh2# 0-1

[Event "RN-2011-0-00363"]
[Site "LSS email"]
[Date "2011.03.24"]
[Round "?"]
[White "Dewulf, Bjorn"]
[Black "Neil, Charles"]
[Result "0-1"]
[WhiteElo "438"]
[BlackElo "466"]
[PlyCount "62"]
[EventDate "2011.03.13"]
[EventType "tourn (corr)"]
[EventRounds "6"]
[EventCountry "GER"]
[SourceTitle "Telechess CBM 147"]
[Source "ChessBase"]
[SourceDate "2012.03.16"]
[SourceVersion "1"]
[SourceVersionDate "2012.03.16"]
[SourceQuality "1"]

1. d4 Nf6 2. c4 e6 3. e3 b6 4. Nf3 Bb7 5. Be2 Be7 6. 0-0 0-0 7. Nc3 d5 8. cxd5 exd5 9. Ne5 Bd6 10. Nd3 c6 11. Bd2 Nbd7 12. h3 Re8 13. Qb3 Ne4 14. Nb4 Nxd2 15. Qc2 Nxf1 16. Ba6 Bxb4 17. Kxf1 Bxa6+ 18. Ke1 Nf6 19. Kd1 Nh5 20. Qb3 Bxc3 21. bxc3 Qf6 22. Kd2 Qxf2+ 23. Kc1 Rxe3 24. Qc2 Re1+ 25. Kb2 Qxc2+ 26. Kxc2 Rxa1 27. Kb2 Rf1 28. h4 Re8 29. a4 Rf4 30. g3 Nxg3 31. Kb3 Rf2 0-1

[Event "RN-2011-0-00363"]
[Site "LSS email"]
[Date "2011.03.24"]
[Round "?"]
[White "Dewulf, Bjorn"]
[Black "Rose, Robert E"]
[Result "0-1"]
[WhiteElo "438"]
[BlackElo "635"]
[PlyCount "102"]
[EventDate "2011.03.13"]
[EventType "tourn (corr)"]
[EventRounds "6"]
[EventCountry "GER"]
[SourceTitle "Telechess CBM 147"]
[Source "ChessBase"]
[SourceDate "2012.03.16"]
[SourceVersion "1"]
[SourceVersionDate "2012.03.16"]
[SourceQuality "1"]

1. d4 Nf6 2. c4 g6 3. e3 Bg7 4. Nf3 0-0 5. Be2 d6 6. h3 c5 7. d5 Nbd7 8. 0-0 b6 9. Nc3 Ba6 10. a3 Rb8 11. Bd3 Ne8 12. g4 Ne5 13. Nxe5 Bxe5 14. Ne4 Bg7 15. f3 Bc8 16. Ng5 h6 17. Ne4 e6 18. dxe6 Bxe6 19. b3 Nf6 20. Qd2 Nxe4 21. Bxe4 Bxa1 22. Bb2 Bxb2 23. Qxb2 a5 24. a4 f5 25. gxf5 Bxf5 26. Bc6 Rc8 27. Bd5+ Kh7 28. e4 Bxh3 29. Kh2 Bxf1 30. Qf2 Bd3 31. Qd2 Qh4+ 32. Kg2 Qg5+ 33. Qxg5 hxg5 34. Kg3 Bc2 35. Kg4 Bxb3 36. Kxg5 Rxf3 37. e5 Re8 38. exd6 Re5+ 39. Kg4 Rf1 40. d7 Rf8 41. d8B Rxd8 42. Bc6 Bxc4 43. Kf4 Re7 44. Bb5 Bxb5 45. axb5 Rf8+ 46. Kg3 Re3+ 47. Kg2 Re5 48. Kg3 Rg5+ 49. Kh4 Kh6 50. Kh3 Rf1 51. Kh4 Rh1# 0-1

[Event "OP-2011-0-01378"]
[Site "LSS email"]
[Date "2011.01.19"]
[Round "?"]
[White "Jaszczowski, Zdzislaw"]
[Black "Dewulf, Bjorn"]
[Result "1-0"]
[WhiteElo "814"]
[BlackElo "521"]
[PlyCount "37"]
[EventDate "2011.01.15"]
[EventType "tourn (corr)"]
[EventRounds "4"]
[EventCountry "GER"]
[SourceTitle "Telechess CBM 145"]
[Source "Chessbase"]
[SourceDate "2011.11.11"]
[SourceVersion "1"]
[SourceVersionDate "2011.11.11"]
[SourceQuality "1"]

1. e4 e6 2. d4 d5 3. exd5 exd5 4. Nf3 Nc6 5. Bd3 Nf6 6. c3 Bg4 7. 0-0 Be7 8. h3 Bxf3 9. gxf3 0-0 10. f4 h6 11. Qf3 a6 12. Qg3 Nh5 13. Qg4 Nf6 14. Qg2 Bd6 15. f5 Re8 16. Bxh6 g6 17. fxg6 fxg6 18. Qxg6+ Kh8 19. Qg7# 1-0

[Event "OP-2011-0-01378"]
[Site "LSS email"]
[Date "2011.01.19"]
[Round "?"]
[White "Slavin, Pablo"]
[Black "Dewulf, Bjorn"]
[Result "1-0"]
[WhiteElo "1035"]
[BlackElo "521"]
[PlyCount "63"]
[EventDate "2011.01.15"]
[EventType "tourn (corr)"]
[EventRounds "4"]
[EventCountry "GER"]
[SourceTitle "Telechess CBM 145"]
[Source "Chessbase"]
[SourceDate "2011.11.11"]
[SourceVersion "1"]
[SourceVersionDate "2011.11.11"]
[SourceQuality "1"]

1. d4 d6 2. e4 e5 3. Nf3 Nf6 4. Nc3 Bg4 5. dxe5 Nfd7 6. exd6 cxd6 7. h3 Be6 8. Bf4 Be7 9. Bxd6 Bxd6 10. Qxd6 Nc6 11. 0-0-0 Nb6 12. Qc5 Nd7 13. Qa3 Qe7 14. Qxe7+ Nxe7 15. Bb5 0-0 16. Bxd7 Bxd7 17. Rxd7 Rfc8 18. Rxe7 Kf8 19. Rxb7 a5 20. Rd1 a4 21. a3 Rd8 22. Rxd8+ Rxd8 23. Nxa4 f6 24. Nc5 Rc8 25. Nd4 Rxc5 26. Ne6+ Ke8 27. Nxc5 Kd8 28. a4 Kc8 29. a5 Kd8 30. a6 Kc8 31. a7 h5 32. a8Q# 1-0

[Event "LSS RN-2009-0-00253"]
[Site "LSS email"]
[Date "2010.01.17"]
[Round "?"]
[White "Dewulf, Bjorn"]
[Black "Bester, Kazimierz"]
[Result "0-1"]
[WhiteElo "535"]
[BlackElo "692"]
[PlyCount "39"]
[EventDate "2009.12.31"]
[EventType "tourn (corr)"]
[EventRounds "6"]
[EventCountry "GER"]
[SourceTitle "Telechess CBM 137"]
[Source "ChessBase"]
[SourceDate "2010.07.15"]
[SourceVersion "1"]
[SourceVersionDate "2010.07.15"]
[SourceQuality "1"]

1. d4 g6 2. Nc3 Bg7 3. e3 d5 4. Nge2 c6 5. Bd2 Nf6 6. g3 0-0 7. Bg2 Nbd7 8. 0-0 Nb6 9. a3 Nc4 10. b3 Nxd2 11. Qxd2 Bh6 12. h4 Nh5 13. g4 Bxg4 14. f3 Be6 15. Nf4 Bxf4 16. exf4 f5 17. a4 a6 18. a5 Bd7 19. Qe2 Nxf4 20. Qd2 0-1

[Event "LSS RN-2009-0-00253"]
[Site "LSS email"]
[Date "2010.01.17"]
[Round "?"]
[White "Venturas, Bob"]
[Black "Dewulf, Bjorn"]
[Result "1-0"]
[WhiteElo "616"]
[BlackElo "558"]
[PlyCount "31"]
[EventDate "2009.12.31"]
[EventType "tourn (corr)"]
[EventRounds "6"]
[EventCountry "GER"]
[SourceTitle "Corr 2015"]
[Source "ChessBase"]
[SourceDate "2015.07.17"]
[SourceVersion "1"]
[SourceVersionDate "2015.07.17"]
[SourceQuality "1"]

1. d4 d6 2. e4 Nf6 3. Nc3 c6 4. h3 Nbd7 5. Nf3 e5 6. dxe5 dxe5 7. Bc4 Be7 8. Bg5 0-0 9. Qd2 Qc7 10. 0-0 h6 11. Bxh6 Rd8 12. Bxg7 Kxg7 13. Qg5+ Kf8 14. Qh6+ Kg8 15. Ng5 Bf8 16. Bxf7# 1-0

[Event "LSS ZN-2009-0-00855"]
[Site "LSS email"]
[Date "2009.12.31"]
[Round "?"]
[White "Dewulf, Bjorn"]
[Black "Ederer, Karel"]
[Result "0-1"]
[WhiteElo "634"]
[BlackElo "2047"]
[PlyCount "90"]
[EventDate "2009.12.27"]
[EventType "match (corr)"]
[EventRounds "2"]
[EventCountry "GER"]
[SourceTitle "Telechess CBM 137"]
[Source "ChessBase"]
[SourceDate "2010.07.15"]
[SourceVersion "1"]
[SourceVersionDate "2010.07.15"]
[SourceQuality "1"]

1. d4 Nf6 2. c4 g6 3. Nf3 Bg7 4. e3 0-0 5. Be2 d6 6. 0-0 Nbd7 7. h3 e5 8. dxe5 dxe5 9. Nc3 e4 10. Ng5 Qe7 11. Qc2 Re8 12. Bd1 h6 13. Ngxe4 Nxe4 14. Nxe4 Qxe4 15. Re1 Qxc2 16. Bxc2 Ne5 17. c5 Be6 18. e4 Rad8 19. Bf4 g5 20. Bxe5 Bxe5 21. Bb3 Rd2 22. Bxe6 fxe6 23. Rac1 Bxb2 24. Rcd1 Red8 25. f3 Rxd1 26. Rxd1 Rxd1+ 27. Kf2 Bd4+ 28. Ke2 Ra1 29. Kd3 Bxc5 30. Kc4 Rxa2 31. Kxc5 Rd2 32. Kc4 Kf7 33. Kc3 Rd6 34. Kc4 Ke7 35. e5 Rd5 36. g3 a5 37. Kb3 Rd4 38. Kc3 c5 39. Kc2 b5 40. Kb2 Rd3 41. f4 gxf4 42. gxf4 a4 43. Ka2 b4 44. Kb2 a3+ 45. Ka2 c4 0-1

[Event "LSS ZN-2009-0-00855"]
[Site "LSS email"]
[Date "2009.12.31"]
[Round "?"]
[White "Ederer, Karel"]
[Black "Dewulf, Bjorn"]
[Result "1-0"]
[WhiteElo "2137"]
[BlackElo "558"]
[PlyCount "25"]
[EventDate "2009.12.27"]
[EventType "match (corr)"]
[EventRounds "2"]
[EventCountry "GER"]
[SourceTitle "Corr 2015"]
[Source "ChessBase"]
[SourceDate "2015.07.17"]
[SourceVersion "1"]
[SourceVersionDate "2015.07.17"]
[SourceQuality "1"]

1. e4 d6 2. d4 Nf6 3. Nc3 Nbd7 4. f4 e5 5. Nf3 Be7 6. fxe5 dxe5 7. dxe5 Ng8 8. Bc4 Nh6 9. Bxh6 gxh6 10. e6 fxe6 11. Nd4 e5 12. Qh5+ Kf8 13. Qf7# 1-0

[Event "LSS ZN-2009-0-00822"]
[Site "LSS email"]
[Date "2009.12.20"]
[Round "?"]
[White "Zalascek, Vlado"]
[Black "Dewulf, Bjorn"]
[Result "1-0"]
[WhiteElo "1340"]
[BlackElo "558"]
[PlyCount "31"]
[EventDate "2009.12.01"]
[EventType "match (corr)"]
[EventRounds "2"]
[EventCountry "GER"]
[SourceTitle "Corr 2015"]
[Source "ChessBase"]
[SourceDate "2015.07.17"]
[SourceVersion "1"]
[SourceVersionDate "2015.07.17"]
[SourceQuality "1"]

1. e4 d6 2. Bc4 Nf6 3. Nc3 Nbd7 4. d4 h6 5. Qf3 e5 6. d5 Be7 7. h3 0-0 8. Nge2 a6 9. 0-0 Nb6 10. Bd3 Bd7 11. Be3 c6 12. a3 Re8 13. Qg3 g5 14. Bxg5 cxd5 15. Bxf6+ Kf8 16. Qg7# 1-0

[Event "LSS ZN-2009-0-00838"]
[Site "LSS email"]
[Date "2009.12.17"]
[Round "?"]
[White "Dewulf, Bjorn"]
[Black "Krivoshey, Dmitrij"]
[Result "0-1"]
[WhiteElo "671"]
[BlackElo "800"]
[PlyCount "52"]
[EventDate "2009.12.11"]
[EventType "match (corr)"]
[EventRounds "2"]
[EventCountry "GER"]
[SourceTitle "Telechess CBM 137"]
[Source "ChessBase"]
[SourceDate "2010.07.15"]
[SourceVersion "1"]
[SourceVersionDate "2010.07.15"]
[SourceQuality "1"]

1. d4 d5 2. c4 c6 3. e3 Nf6 4. Nc3 Bg4 5. Nf3 e6 6. Be2 Bb4 7. Bd2 Na6 8. h3 Bh5 9. 0-0 c5 10. cxd5 0-0 11. g4 Bg6 12. g5 Ne4 13. dxe6 Nxg5 14. Nxg5 Bxc3 15. Bxc3 Qxg5+ 16. Bg4 fxe6 17. dxc5 Nxc5 18. Bb4 Rad8 19. Qc1 Nd3 20. Qc3 h5 21. Kh2 hxg4 22. hxg4 Qh4+ 23. Kg2 Qxg4+ 24. Kh2 Be4 25. Rg1 Rxf2+ 26. Rg2 Qxg2# 0-1

[Event "LSS ZN-2009-0-00810"]
[Site "LSS email"]
[Date "2009.11.28"]
[Round "?"]
[White "Trevis, Robert R"]
[Black "Dewulf, Bjorn"]
[Result "1-0"]
[WhiteElo "927"]
[BlackElo "972"]
[PlyCount "51"]
[EventDate "2009.11.22"]
[EventType "match (corr)"]
[EventRounds "2"]
[EventCountry "GER"]
[SourceTitle "Telechess CBM 137"]
[Source "ChessBase"]
[SourceDate "2010.07.15"]
[SourceVersion "1"]
[SourceVersionDate "2010.07.15"]
[SourceQuality "1"]

1. e4 d6 2. d4 Nf6 3. Nc3 Nbd7 4. Nf3 e5 5. Bc4 Be7 6. 0-0 0-0 7. Qe2 c6 8. a4 Qc7 9. h3 h6 10. Ba2 c5 11. dxe5 dxe5 12. Bd2 Re8 13. Rad1 a6 14. Nd5 Qd6 15. Nxe7+ Rxe7 16. Bxh6 gxh6 17. Rxd6 b5 18. Bd5 Nxd5 19. exd5 bxa4 20. Rxh6 f6 21. Rg6+ Kf7 22. Qd3 Bb7 23. Ng5+ fxg5 24. Qf5+ Ke8 25. Rg8+ Nf8 26. Rxf8# 1-0